000 00840nam a2200241 a 4500
005 20210223130617.0
008 080918s2000 mx r 000 0 spa d
035 _aUPN01000159751
049 _aUNE
080 _a613.22 (07) (-77) LOE No.23.
100 1 _aLoewald, Richard.
245 1 3 _aLa Alimentación escolar como un servicio a la niñez: lineamientos para la planificación de programas de alimentación escolar/ Richard Loewald
260 _aParís : UNESCO; Nueva York : UNICEF; Roma : PMA, 1985.
300 _a13 (9) p.
440 0 _aNotes, comments...; 23
500 _aIncluye bibliografía.
690 _aComidas escolares- Accion comunitaria- Paises en desarrollo
690 _aEducacion nutricional- Paises en desarrollo
710 2 _aUNESCO
710 2 _aUNICEF
_924085
710 2 _aWFP.
905 _aUNESCO
999 _c131865
_d131865